Náklady na jakost u výrobce.

Náklady na akosť, ich definícia a význam. Kategória nákladov na akosť u výrobcu. Sledovanie nákladov vo výrobných organizáciách. Požiadavky na zmeny v evidencii nákladov. Štandardné členenie nákladov na akosť. Externé a interné náklady na vady. Úpravy účtovnej evidencie. Štruktúra nákladov na preven...

Descrizione completa

Salvato in:
Dettagli Bibliografici
Autore principale: Nenadál, Jaroslav
Natura: Capitolo di libro
Lingua:ceco
Soggetti:
Tags: Aggiungi Tag
Nessun Tag, puoi essere il primo ad aggiungerne!!

MARC

LEADER 00000naa a2200000 4500
001 r006255
005 20221125080838.8
041 0 |a cze 
044 |a [CS] 
245 1 0 |a Náklady na jakost u výrobce.  |c J. Nenadál 
520 |a Náklady na akosť, ich definícia a význam. Kategória nákladov na akosť u výrobcu. Sledovanie nákladov vo výrobných organizáciách. Požiadavky na zmeny v evidencii nákladov. Štandardné členenie nákladov na akosť. Externé a interné náklady na vady. Úpravy účtovnej evidencie. Štruktúra nákladov na prevenciu. 
610 2 0 |a náklady 
610 2 0 |a kvalita 
610 2 0 |a účtovníctvo 
100 1 |a Nenadál, Jaroslav